00735nam a2200241 a 4500001001300000003000900013005001700022008004100039020000900080082001500089100002500104245005100129260005400180300000900234500003500243505001000278650002200288700002500310902000800335942000700343952012600350999001700476nice12345678IN_TiNIC20260116013313.0050524s1999 newa grp 000 0 eng  ac8000a297.7bSHA aShaikh, Wahid Bakhsh aEducation Based on the Teachings of Holy Quran aNew Delhi bAdam Publisher and Distributer c1999 a129p aincludes index and biblioraphy2 aNotes aIslamic-Education1 aShaikh, Wahid Bakhsh bSRS cBK 001040708StackRoom-aHMIbHMId2007-07-12g80.00l2o297.7 SHAp019466r2018-03-15s2018-01-17v80.00w2005-05-24yBK c10484d10484